|
|
|
|
| LEADER |
02881nam a2200697 i 4500 |
| 001 |
nkc20182998629 |
| 003 |
CZ PrNK |
| 005 |
20180711075359.0 |
| 007 |
ta |
| 008 |
180525s2018 xr abche c 000 0 cze |
| 015 |
|
|
|a cnb002998629
|
| 020 |
|
|
|a 978-80-7035-686-9
|q (brožováno)
|
| 035 |
|
|
|a (OCoLC)1048456065
|
| 040 |
|
|
|a BOA001
|b cze
|e rda
|
| 041 |
1 |
|
|a cze
|a eng
|h cze
|h eng
|
| 043 |
|
|
|a e-xr---
|
| 045 |
|
|
|a x5x9
|
| 072 |
|
7 |
|a 72/76
|x Výtvarné umění
|2 Konspekt
|9 21
|
| 080 |
|
|
|a 72/76(437.3)
|2 MRF
|
| 080 |
|
|
|a 73/77.02
|2 MRF
|
| 080 |
|
|
|a 7.036/.038
|2 MRF
|
| 080 |
|
|
|a (437.3)
|2 MRF
|
| 080 |
|
|
|a (083.824)
|2 MRF
|
| 100 |
1 |
|
|a Kolář, Jiří,
|d 1914-2002
|7 jk01061244
|4 art
|
| 245 |
1 |
0 |
|a Kolář :
|b úšklebek století = grimace of the century /
|c koncepce výstavy a katalogu, texty: Marie Klimešová, Milena Kalinovská ; překlad do angličtiny: Linda Leffová, Stephan Delbos, překlad z angličtiny: Martina Neradová
|
| 246 |
3 |
|
|a Jiří Kolář
|
| 246 |
3 |
0 |
|a Úšklebek století
|
| 246 |
3 |
0 |
|a Grimace of the century
|
| 264 |
|
1 |
|a V Praze :
|b Národní galerie v Praze,
|c 2018
|
| 300 |
|
|
|a 195 stran, 15 nečíslovanách stran :
|b ilustrace (převážně barevné), mapy, portréty, faksimile ;
|c 27 cm
|
| 336 |
|
|
|a text
|b txt
|2 rdacontent
|
| 336 |
|
|
|a statický obraz
|b sti
|2 rdacontent
|
| 337 |
|
|
|a bez média
|b n
|2 rdamedia
|
| 338 |
|
|
|a svazek
|b nc
|2 rdacarrier
|
| 500 |
|
|
|a "Jiří Kolář, Úšklebek století / Grimace of the Century, 16.5.-2.9.2018, Národní galerie v Praze, Palác Kinských"--Tiráž
|
| 500 |
|
|
|a Název z obálky
|
| 500 |
|
|
|a Životopisná data
|
| 504 |
|
|
|a Obsahuje bibliografii a bibliografické odkazy
|
| 546 |
|
|
|a Souběžný anglický text
|
| 600 |
1 |
7 |
|a Kolář, Jiří,
|d 1914-2002
|7 jk01061244
|2 czenas
|
| 648 |
|
7 |
|a 20. století
|7 ch460558
|2 czenas
|
| 648 |
|
4 |
|a 1952-1993
|
| 650 |
0 |
7 |
|a české výtvarné umění
|7 ph116865
|y 20. století
|2 czenas
|
| 650 |
0 |
7 |
|a koláže
|7 ph121736
|z Česko
|y 20. století
|2 czenas
|
| 650 |
0 |
7 |
|a moderní umění
|7 ph115340
|z Česko
|2 czenas
|
| 650 |
0 |
9 |
|a Czech art
|y 20th century
|2 eczenas
|
| 650 |
0 |
9 |
|a collages
|z Czechia
|y 20th century
|2 eczenas
|
| 650 |
0 |
9 |
|a modern art
|z Czechia
|2 eczenas
|
| 655 |
|
7 |
|a katalogy výstav
|7 fd132536
|2 czenas
|
| 655 |
|
9 |
|a exhibition catalogs
|2 eczenas
|
| 700 |
1 |
|
|a Klimešová, Marie,
|d 1952-
|7 ola2002105172
|4 aut
|
| 700 |
1 |
|
|a Kalinovská, Milena,
|d 1948-
|7 mzk2017949383
|4 aut
|
| 700 |
1 |
|
|a Leffová, Linda,
|d 1956-
|7 ola2006329732
|4 trl
|
| 700 |
1 |
|
|a Delbos, Stephan
|7 pna2011650116
|4 trl
|
| 700 |
1 |
|
|a Neradová, Martina,
|d 1974-
|7 xx0090832
|4 trl
|
| 710 |
2 |
|
|a Palác Kinských (Staré Město, Praha, Česko)
|7 ko2005315692
|4 orm
|
| 910 |
2 |
|
|a BOA001
|b 3-1407.624
|
| 990 |
|
|
|a BK
|
| 995 |
|
|
|a 01
|
| 991 |
|
|
|b 201806
|c NOV
|
| 996 |
6 |
|
|b 2610745425
|c 3-1407.624
|l MZK
|r Sklad / do 1 hodiny
|n 12
|p p.v.
|w 001668162
|u 000010
|a 1
|e BOA001
|j MZK50
|s P
|